| 000 | 00517nam a22001577a 4500 | ||
|---|---|---|---|
| 999 |
_c15670 _d15670 |
||
| 008 | 201016b ||||| |||| 00| 0 eng d | ||
| 020 | _a9-71232017-0 | ||
| 082 |
_21996 _aDFil 306.89599 _bM26 |
||
| 100 |
_aMadale, Abdullah T. _934991 |
||
| 245 |
_aThe Maranaw Torogan/ _cAbdullah T. Madale |
||
| 260 |
_aManila: _bRex Book Store, _c©1996. |
||
| 300 |
_avii,183 pages: _billustrations; _c23 cm. |
||
| 500 | _aIncludes bibliographical references. | ||
| 650 |
_aEthnology -- Philippines. _942409 |
||
| 942 |
_2ddc _cDFIL |
||